Top des pays où la population vivant dans un Bidonville est importante - Statistiques

Statistiques générales
  • Ce quiz a été pris 95 fois
  • Le résultat moyen est 4 sur 10
Statistiques - réponses
% de la population Pays % Correct
73% Niger
73%
78% République démocratique du Congo
64%
74% Soudan
58%
82% Tchad
58%
94% Soudan du Sud
42%
70% République centrafriciane
27%
73% Afghanistan
22%
68% Bénin
22%
67% Madagascar
14%
69% Comores
13%
Aucun quiz correspondant
Distribution des résultats
% des personnes avec chaque résultat
Percentile par nombre de réponses
Votre historique - résultats
Vous n’avez pas pris ce quiz